000 00943nam a2200277Ia 4500
003 OSt
005 20221005103757.0
006 a|||||r|||| 00| 0
007 ta
008 221004b |||||||| |||| 00| 0 hin d
020 _a8187416092
024 _a23654
037 _cTextual
040 _aCRL
_cCRL
_bhin
041 _2hin
_ahin
082 _aO152(Y11):g, N9
100 _aसिंहल, ओम प्रकाश
245 0 _aबाल साहित्य के आयाम
246 _aBāl sāhitya ke āyāma
260 _aदिल्ली
_bआलोकपर्व प्र0 भारत
_c1999
300 _a136पृ0
_ccm.
650 _aहिन्दी साहित्य
700 _a धर्मपाल, संपा.
942 _hO152(Y11):g, N9
_cTEXL
_2cc
999 _c1010881
_d1010881